[Event "Bronshoj SenSommer A"]
[Site "Bronshoj"]
[Date "2020.09.10"]
[Round "4"]
[White "Petersen, Steen Brustrup"]
[Black "Christensen, Esben"]
[Result "1-0"]
[WhiteElo "2077"]
[BlackElo "2041"]
[PlyCount "75"]
[EventDate "2020.08.13"]
[EventType "tourn"]
[EventRounds "7"]
[EventCountry "DEN"]
[SourceTitle "EXT 2024"]
[Source "ChessBase"]
[SourceDate "2023.10.10"]
[SourceVersion "1"]
[SourceVersionDate "2023.10.10"]
[SourceQuality "1"]

1. Nf3 Nf6 2. c4 g6 3. Nc3 Bg7 4. e4 d6 5. d4 0-0 6. Be2 c5 7. 0-0 Nc6 8. d5 Na5 9. Nd2 a6 10. Qc2 b5 11. cxb5 axb5 12. Bxb5 Ba6 13. Rb1 Bxb5 14. Nxb5 Qd7 15. a4 Rfc8 16. b3 e6 17. Nc4 exd5 18. Nb6 Qd8 19. Nxa8 Rxa8 20. exd5 Nxd5 21. Bd2 Nc7 22. Nxc7 Qxc7 23. Bc3 d5 24. Bxg7 Kxg7 25. Rbc1 c4 26. Qc3+ Kg8 27. b4 Nb7 28. Rfe1 Nd6 29. Qd4 Rxa4 30. Ra1 Rxb4 31. Ra8+ Rb8 32. Rxb8+ Qxb8 33. Qxd5 Qb4 34. Rd1 Nf5 35. Qe5 Qb6 36. h3 h5 37. Rd7 h4 38. Qe8+ 1-0

[Event "Bronshoj-chA"]
[Site "Copenhagen"]
[Date "2019.05.23"]
[Round "8"]
[White "Meyling, Morten"]
[Black "Christensen, Esben"]
[Result "1-0"]
[WhiteElo "2318"]
[BlackElo "1991"]
[PlyCount "49"]
[EventDate "2019.03.07"]
[EventType "tourn"]
[EventRounds "9"]
[EventCountry "DEN"]
[SourceTitle "EXT 2020"]
[Source "ChessBase"]
[SourceDate "2019.10.17"]
[SourceVersion "1"]
[SourceVersionDate "2019.10.17"]
[SourceQuality "1"]

1. e4 c5 2. Nf3 e6 3. d4 cxd4 4. Nxd4 Nf6 5. Nc3 d6 6. g4 a6 7. g5 Nfd7 8. Rg1 Qc7 9. Be3 b5 10. a3 Bb7 11. Qe2 Nc5 12. Bg2 Nbd7 13. 0-0-0 Nb6 14. Kb1 Be7 15. f4 Rc8 16. f5 e5 17. f6 exd4 18. Bxd4 gxf6 19. Nd5 Bxd5 20. exd5 Kd8 21. gxf6 Bf8 22. Rge1 Bh6 23. Bxc5 dxc5 24. d6 Qa7 25. d7 1-0

[Event "Bronshoj-chA"]
[Site "Copenhagen"]
[Date "2019.05.02"]
[Round "6"]
[White "Jacobsen, Mikkel Manosri"]
[Black "Christensen, Esben"]
[Result "1-0"]
[WhiteElo "2285"]
[BlackElo "1991"]
[PlyCount "81"]
[EventDate "2019.03.07"]
[EventType "tourn"]
[EventRounds "9"]
[EventCountry "DEN"]
[SourceTitle "EXT 2020"]
[Source "ChessBase"]
[SourceDate "2019.10.17"]
[SourceVersion "1"]
[SourceVersionDate "2019.10.17"]
[SourceQuality "1"]

1. d4 Nf6 2. c4 c5 3. d5 b5 4. cxb5 a6 5. bxa6 g6 6. Nc3 Bxa6 7. g3 d6 8. Bg2 Bg7 9. Nf3 Nbd7 10. 0-0 0-0 11. Rb1 Qa5 12. Bd2 Rfb8 13. b3 Ne8 14. Qc2 c4 15. b4 Rxb4 16. Rxb4 Qxb4 17. Rb1 Qa5 18. Ng5 h6 19. Ne6 Rb8 20. Nxg7 Kxg7 21. Rxb8 Nxb8 22. Qe4 Qc7 23. Qe3 h5 24. Qh6+ Kg8 25. Ne4 Nd7 26. Bc3 Nef6 27. h3 Qb8 28. Nxf6+ Nxf6 29. Be4 Qf8 30. Qf4 Nxe4 31. Qxe4 Qd8 32. a4 Qd7 33. a5 Kf8 34. Qe3 Qxh3 35. Qh6+ Ke8 36. Qh8+ Kd7 37. Qa8 Bc8 38. Qc6+ Kd8 39. a6 Qd7 40. Ba5+ Ke8 41. a7 1-0

[Event "EU-Cup 34th"]
[Site "Porto Carras"]
[Date "2018.10.16"]
[Round "5.5"]
[White "Christensen, Esben"]
[Black "Van Dommelen, Martin"]
[Result "0-1"]
[WhiteElo "2017"]
[BlackElo "2177"]
[PlyCount "70"]
[EventDate "2018.10.12"]
[EventType "team-swiss"]
[EventRounds "7"]
[EventCountry "GRE"]
[SourceTitle "CBM 187"]
[Source "ChessBase"]
[SourceDate "2018.12.11"]
[SourceVersion "1"]
[SourceVersionDate "2018.12.11"]
[SourceQuality "1"]
[WhiteTeam "Bronshoj"]
[BlackTeam "Apeldoorn MuConsult"]
[WhiteTeamCountry "DEN"]
[BlackTeamCountry "NED"]

1. e4 d6 2. Bc4 Nf6 3. d3 c6 4. Bb3 Nbd7 5. c3 e5 6. Nf3 Nc5 7. Bc2 Be7 8. 0-0 Bg4 9. Re1 Ne6 10. h3 Bh5 11. Nbd2 Nf4 12. Nf1 g5 13. Ng3 Rg8 14. d4 Qc7 15. Bxf4 Bxf3 16. Qxf3 gxf4 17. Nf5 0-0-0 18. b4 Rg6 19. Kh1 Rdg8 20. Rg1 Bf8 21. Bb3 d5 22. Bc2 dxe4 23. Bxe4 exd4 24. Nxd4 Nxe4 25. Qxe4 Bg7 26. Rad1 Be5 27. Rd3 Kb8 28. a4 Qe7 29. a5 Qf6 30. a6 Bxd4 31. Rxd4 f3 32. g3 bxa6 33. Rgd1 Qe6 34. Qf4+ Kc8 35. Rd6 Qxh3+ 0-1

[Event "Bronshoj Lang Weekend"]
[Site "Copenhagen"]
[Date "2018.02.18"]
[Round "6"]
[White "Andersen, Rune"]
[Black "Christensen, Esben"]
[Result "1-0"]
[WhiteElo "2122"]
[BlackElo "2000"]
[PlyCount "59"]
[EventDate "2018.02.15"]
[EventType "swiss"]
[EventRounds "7"]
[EventCountry "DEN"]
[SourceTitle "CBM 183 Extra"]
[Source "ChessBase"]
[SourceDate "2018.04.19"]
[SourceVersion "1"]
[SourceVersionDate "2018.04.19"]
[SourceQuality "1"]

1. d4 Nf6 2. c4 c5 3. d5 b5 4. cxb5 a6 5. bxa6 g6 6. Nc3 Bxa6 7. g3 d6 8. Bg2 Bg7 9. Nf3 0-0 10. Rb1 Qa5 11. Bd2 Bb7 12. 0-0 Qa7 13. Ne1 Nbd7 14. Nc2 Nb6 15. Ne3 e6 16. dxe6 fxe6 17. Nb5 Qb8 18. Bxb7 Qxb7 19. Nxd6 Qc6 20. Ndc4 Nxc4 21. Nxc4 Ne4 22. Be3 Rxa2 23. f3 Nf6 24. Ne5 Qb5 25. Qd6 Re8 26. Qxc5 Qxe2 27. Rfe1 Qa6 28. Bd4 Rc8 29. Qe7 Qa4 30. Qxe6+ 1-0

[Event "Bronshoj Lang Weekend"]
[Site "Copenhagen"]
[Date "2018.02.16"]
[Round "3"]
[White "Christensen, Esben"]
[Black "Thorsbro, Peter"]
[Result "1/2-1/2"]
[WhiteElo "2000"]
[BlackElo "2156"]
[PlyCount "91"]
[EventDate "2018.02.15"]
[EventType "swiss"]
[EventRounds "7"]
[EventCountry "DEN"]
[SourceTitle "CBM 183 Extra"]
[Source "ChessBase"]
[SourceDate "2018.04.19"]
[SourceVersion "1"]
[SourceVersionDate "2018.04.19"]
[SourceQuality "1"]

1. e4 c6 2. Nf3 d5 3. Nc3 Bg4 4. h3 Bxf3 5. Qxf3 Nf6 6. g3 e6 7. Bg2 Be7 8. 0-0 0-0 9. d3 a5 10. Ne2 a4 11. e5 Nfd7 12. d4 b5 13. a3 c5 14. c3 Nc6 15. Qg4 Kh8 16. h4 cxd4 17. cxd4 Na5 18. Rb1 Rc8 19. Bd2 Nb3 20. Bc3 Qb6 21. Rfd1 b4 22. axb4 Bxb4 23. Bxd5 f5 24. exf6 Nxf6 25. Qxe6 Qb5 26. Bxb3 axb3 27. Bxb4 Qxb4 28. Nc3 Rce8 29. Qc6 Ng4 30. Rd2 Qe7 31. Nd5 Qe4 32. Rc1 Rf3 33. Nb4 Rxg3+ 34. fxg3 Qe3+ 35. Kh1 Rf8 36. Qd6 Nf2+ 37. Rxf2 Qxf2 38. Nd3 Qf3+ 39. Kh2 h5 40. Re1 Rc8 41. Rc1 Qe2+ 42. Kh3 Qg4+ 43. Kg2 Qe2+ 44. Kh3 Qg4+ 45. Kg2 Qe2+ 46. Kh3 1/2-1/2

[Event "Bronshoj Lang Weekend"]
[Site "Copenhagen"]
[Date "2018.02.15"]
[Round "1"]
[White "Christensen, Esben"]
[Black "Vedant, Kumar Saravana"]
[Result "1-0"]
[WhiteElo "2000"]
[BlackElo "1409"]
[PlyCount "73"]
[EventDate "2018.02.15"]
[EventType "swiss"]
[EventRounds "7"]
[EventCountry "DEN"]
[SourceTitle "CBM 183 Extra"]
[Source "ChessBase"]
[SourceDate "2018.04.19"]
[SourceVersion "1"]
[SourceVersionDate "2018.04.19"]
[SourceQuality "1"]

1. e4 e5 2. Nf3 Nc6 3. Bc4 Bc5 4. c3 Nf6 5. d3 h6 6. 0-0 d6 7. Re1 0-0 8. Nbd2 Re8 9. b4 Bb6 10. a4 a6 11. Nf1 Bg4 12. h3 Be6 13. Ba2 Qe7 14. Ng3 Nh7 15. Be3 Ba7 16. Qd2 Qf6 17. Bxa7 Rxa7 18. Re3 Ng5 19. Nxg5 Qxg5 20. d4 exd4 21. cxd4 Bxa2 22. Rxa2 g6 23. Rc2 Rc8 24. Nf5 Ne7 25. h4 Qf6 26. Nxh6+ Kf8 27. Rf3 Qxh4 28. Nxf7 Ke8 29. Qc1 Kd7 30. Rf4 Qh5 31. Rf6 Raa8 32. e5 Nd5 33. Rf3 Nxb4 34. e6+ Ke7 35. Rxc7+ Rxc7 36. Qxc7+ Ke8 37. Nxd6# 1-0

[Event "Seattle Classic op"]
[Site "Seattle"]
[Date "2017.08.17"]
[Round "2"]
[White "Velea, Anne Marie"]
[Black "Christensen, Esben"]
[Result "1-0"]
[WhiteElo "1546"]
[BlackElo "2067"]
[PlyCount "51"]
[EventDate "2017.08.16"]
[EventType "swiss"]
[EventRounds "9"]
[EventCountry "USA"]
[SourceTitle "EXT 2023"]
[Source "ChessBase"]
[SourceDate "2022.10.05"]
[SourceVersion "1"]
[SourceVersionDate "2022.10.05"]
[SourceQuality "1"]

1. e4 c5 2. Nf3 e6 3. d4 cxd4 4. Nxd4 Nf6 5. Bd3 d6 6. 0-0 a6 7. Kh1 Qc7 8. f4 Be7 9. Qe2 Nbd7 10. Nc3 b5 11. Bd2 Bb7 12. Rad1 Nc5 13. b4 Nxd3 14. cxd3 0-0 15. Rc1 Qd7 16. Qf2 Rac8 17. Qg3 g6 18. f5 d5 19. e5 Nh5 20. Qg4 exf5 21. Nxf5 Kh8 22. Bh6 Rg8 23. Nd6 Rgd8 24. Qxd7 Rxd7 25. Nxc8 Bxc8 26. Rxf7 1-0

[Event "Copenhagen Bronshoj CC-chA"]
[Site "Copenhagen"]
[Date "2017.06.08"]
[Round "9"]
[White "Kistrup, Nicolai"]
[Black "Christensen, Esben"]
[Result "1-0"]
[WhiteElo "2064"]
[BlackElo "2064"]
[PlyCount "47"]
[EventDate "2017.03.09"]
[EventType "tourn"]
[EventRounds "9"]
[EventCountry "DEN"]
[SourceTitle "EXT 2018"]
[Source "ChessBase"]
[SourceDate "2017.10.13"]
[SourceVersion "1"]
[SourceVersionDate "2017.10.13"]
[SourceQuality "1"]

1. d4 Nf6 2. c4 c5 3. d5 b5 4. cxb5 a6 5. bxa6 g6 6. Nc3 Bxa6 7. e4 Bxf1 8. Kxf1 d6 9. Nf3 Nbd7 10. g3 Qb6 11. Kg2 Ng4 12. Qe2 Bg7 13. Nd2 h5 14. h3 Nh6 15. Nc4 Qb4 16. Bd2 Nb6 17. Nxd6+ exd6 18. Nb5 Qxb2 19. Rab1 Qxa2 20. Nc7+ Kd7 21. Nxa8 Nxa8 22. Rb7+ Kd8 23. Qb5 Nc7 24. Qc6 1-0

[Event "Copenhagen Bronshoj CC-chA"]
[Site "Copenhagen"]
[Date "2017.05.18"]
[Round "8"]
[White "Christensen, Esben"]
[Black "Gustafsson, Magnus"]
[Result "1-0"]
[WhiteElo "2064"]
[BlackElo "1921"]
[PlyCount "115"]
[EventDate "2017.03.09"]
[EventType "tourn"]
[EventRounds "9"]
[EventCountry "DEN"]
[SourceTitle "EXT 2018"]
[Source "ChessBase"]
[SourceDate "2017.10.13"]
[SourceVersion "1"]
[SourceVersionDate "2017.10.13"]
[SourceQuality "1"]

1. e4 d5 2. exd5 Qxd5 3. Nf3 Nf6 4. d4 Bg4 5. Be2 e6 6. 0-0 c6 7. c4 Qd8 8. h3 Bxf3 9. Bxf3 Be7 10. Nc3 0-0 11. d5 exd5 12. cxd5 cxd5 13. Nxd5 Nxd5 14. Bxd5 Nc6 15. Be3 Bf6 16. Bxc6 bxc6 17. Qc2 Re8 18. Rac1 Qa5 19. b3 Re6 20. Rfd1 Rae8 21. Rd7 a6 22. Rcd1 Bg5 23. b4 Qe5 24. Bc5 Qf4 25. Be3 Qe5 26. Bxg5 Qxg5 27. Qd2 Qxd2 28. R1xd2 Kf8 29. Ra7 g6 30. Rxa6 Rb8 31. a3 Rb7 32. Rc2 Rc7 33. b5 Ke7 34. b6 Rc8 35. Ra7+ Kf6 36. Rc7 Ra8 37. b7 Rb8 38. a4 Re1+ 39. Kh2 Rb1 40. R2xc6+ Kg7 41. g4 R8xb7 42. Rxb7 Rxb7 43. a5 Rb2 44. Kg3 Ra2 45. a6 Ra4 46. h4 h6 47. g5 hxg5 48. hxg5 Kf8 49. Rf6 Ke7 50. f4 Ra3+ 51. Kf2 Kf8 52. Ke2 Ra2+ 53. Kd3 Ra1 54. Kc4 Ke8 55. Kb5 Rb1+ 56. Kc6 Rc1+ 57. Kb7 Rb1+ 58. Rb6 1-0

[Event "Copenhagen Bronshoj CC-chA"]
[Site "Copenhagen"]
[Date "2017.04.20"]
[Round "5"]
[White "Petersen, Steen Brustrup"]
[Black "Christensen, Esben"]
[Result "0-1"]
[WhiteElo "2139"]
[BlackElo "2064"]
[PlyCount "98"]
[EventDate "2017.03.09"]
[EventType "tourn"]
[EventRounds "9"]
[EventCountry "DEN"]
[SourceTitle "EXT 2018"]
[Source "ChessBase"]
[SourceDate "2017.10.13"]
[SourceVersion "1"]
[SourceVersionDate "2017.10.13"]
[SourceQuality "1"]

1. e4 c5 2. Nf3 e6 3. d4 cxd4 4. Nxd4 Nf6 5. Nc3 d6 6. f4 a6 7. Qf3 Qc7 8. Bd3 Nbd7 9. g4 Nc5 10. g5 Nxd3+ 11. cxd3 Nd7 12. Bd2 b5 13. Rc1 Qb6 14. Nde2 Bb7 15. Be3 Qa5 16. a3 b4 17. axb4 Qxb4 18. 0-0 Be7 19. Ra1 0-0 20. Rfc1 Rfc8 21. Qh3 Nc5 22. Bxc5 Qxc5+ 23. d4 Qb6 24. Qd3 e5 25. Nd5 Rxc1+ 26. Rxc1 Bxd5 27. exd5 exf4 28. h4 g6 29. b3 Rb8 30. Qe4 f3 31. Qxf3 Qxb3 32. Qe4 Bf8 33. h5 gxh5 34. Kg2 Qb5 35. Nf4 Re8 36. Qf5 Qb2+ 37. Rc2 Qxd4 38. Nxh5 Bg7 39. Nf6+ Bxf6 40. gxf6 Kh8 41. Rc8 Qd2+ 42. Kg1 Qe1+ 43. Kg2 Qe2+ 44. Kg1 Qe3+ 45. Kg2 h6 46. Rxe8+ Qxe8 47. Qf4 Qe2+ 48. Kg1 Qd1+ 49. Kh2 Qh5+ 0-1

[Event "EU-Cup 32nd"]
[Site "Novi Sad"]
[Date "2016.11.09"]
[Round "4.5"]
[White "Christensen, Esben"]
[Black "Miles, Richard"]
[Result "1-0"]
[WhiteElo "2016"]
[BlackElo "2000"]
[PlyCount "71"]
[EventDate "2016.11.06"]
[EventType "team-swiss"]
[EventRounds "7"]
[EventCountry "SRB"]
[SourceTitle "CBM 176"]
[Source "ChessBase"]
[SourceDate "2017.01.17"]
[SourceVersion "1"]
[SourceVersionDate "2017.01.17"]
[SourceQuality "1"]
[WhiteTeam "Bronshoj"]
[BlackTeam "Abergavenny"]
[WhiteTeamCountry "DEN"]
[BlackTeamCountry "WLS"]

1. e4 c5 2. Nf3 Nc6 3. d4 cxd4 4. Nxd4 g6 5. Nc3 Bg7 6. Be3 Nf6 7. Bc4 0-0 8. 0-0 Nxe4 9. Nxe4 d5 10. Nxc6 bxc6 11. Bd3 dxe4 12. Bxe4 Qc7 13. c3 f5 14. Bd3 Be6 15. Bc5 Bd5 16. Qa4 Rfd8 17. Rad1 e5 18. f3 Qb7 19. Rf2 Bf7 20. Rfd2 Bh6 21. Ba6 Qc7 22. Rxd8+ Rxd8 23. Rxd8+ Qxd8 24. Qxc6 Bxa2 25. Bxa7 Bc1 26. Bc4+ Bxc4 27. Qxc4+ Kg7 28. Qe2 Qd5 29. b4 Kf6 30. Bc5 h5 31. Qa6+ Kg5 32. Be7+ Kh6 33. Bf8+ Kg5 34. h4+ Kxh4 35. Qxg6 Qd7 36. Kh2 1-0